01349nam a2200289Ia 450000500170000000800410001702000220005804000080008005000210008810000390010924500680014825000110021626000360022730000190026333700100028233800140029233900120030650000400031850502830035865000160064165000250065794200120068295201160069495201160081095201160092699900170104220231102151430.0121028t2014 mx ab g 000 0 spa d a978-607-15-0981-9 eRDA aHB178.5 M46 201410aMÉNDEZ Morales, José Silvestre10aFundamentos de economíac / José Silvestre Méndez Morales a6a ed. aMéxicob: McGraw-Hillc, 2014 a333 páginas  atexto asin medio avolumen aIncluye índices y bibliografías aIntroducción 1. La economía y su relación con la contaduría, la administración y la informática 2. Los sistemas históricos de organización económica 3. Doctrinas económicas 4. Teoría objetiva y teoría subjetiva del valor 5. Teoría de la distribución:10aECONOMÍA 20aTEORÍA ECONÓMICA cLB2lcc 00102lcc4070a14b14d2015-06-12l18m2oHB71 M45 2014p14 000416r2019-12-20s2019-10-08t1w2012-10-28yLB 00102lcc4070a14b14d2015-06-12l42m1oHB71 M45 2014p14 000637r2018-06-11s2018-06-11t2w2012-10-28yLB 00102lcc4070a14b14d2015-06-12l40m4oHB71 M45 2014p14 000638r2023-10-30s2023-09-22t3w2012-10-28yLB c84927d84927